| 000 | 01974cam a22003618i 4500 | ||
|---|---|---|---|
| 999 |
_c9613 _d9613 |
||
| 001 | 20604455 | ||
| 003 | GBCCL | ||
| 005 | 20241126110715.0 | ||
| 008 | 180630s2019 miu b 001 0 eng c | ||
| 010 | _a 2018028040 | ||
| 020 | _a9780801026676 (cloth : alk. paper) | ||
| 040 |
_aLBSOR/DLC _beng _erda _cLBSOR |
||
| 042 | _apcc | ||
| 050 | 0 | 0 |
_aBS2715.53 _b.B43 2019 |
| 082 | 0 | 0 |
_a225.77 _a227.7077 _223 _bBAK |
| 100 | 1 |
_aBeale, G. K. _q(Gregory K.), _d1949- _eauthor. _98848 |
|
| 245 | 1 | 0 |
_aColossians and Philemon / _cG. K. Beale. |
| 263 | _a1903 | ||
| 264 | 1 |
_aGrand Rapids, MI : _bBaker Academic, _c[2019] |
|
| 300 | _apages cm. | ||
| 336 |
_atext _2rdacontent |
||
| 337 |
_aunmediated _2rdamedia |
||
| 338 |
_avolume _2rdacarrier |
||
| 490 | 0 | _aBaker exegetical commentary on the New Testament | |
| 504 | _aIncludes bibliographical references and index. | ||
| 505 | 0 | _aLetter opening : Paul and Timothy desire grace and peace for the Colossians (1:1-2) -- Letter thanksgiving : Paul thanks God for the readers' Christian lives (1:3-23) -- Letter body : Christians should strive for maturity (1:24-4:6) -- Letter closing: Paul emphasizes his pastoral concern for the Colossians (4:7-18) -- Letter opening : Paul and Timothy desire grace and peace for the Colossians (vv-1-3) -- Introductory thanksgiving and prayer : Paul thanks God for Philemon and prays for him (vv. 4-7) -- Letter body : Paul's appeal (vv. 8-21) -- Letter closing : Paul asks Philemon to show pastoral concern for him, and Paul shows his pastoral concern for the church in Philemon's house (vv. 22-25). | |
| 520 |
_a"A leading New Testament scholar offers a substantive evangelical commentary on Colossians and Philemon in the award-winning BECNT series"-- _cProvided by publisher. |
||
| 630 | 0 | 0 |
_aBible. _pColossians _vCommentaries. _912149 |
| 630 | 0 | 0 |
_aBible. _pPhilemon _vCommentaries. _915958 |
| 906 |
_a7 _bcbc _corignew _d1 _eecip _f20 _gy-gencatlg |
||
| 942 |
_2ddc _cREF |
||